000 00532nam a2200193Ia 4500
005 20250326143418.0
008 250326s9999 xx 000 0 und d
020 _a0-618-00062-3
037 _aTextbook
040 _aFMSL
_beng
_cFMSL
041 _aeng
_2eng
084 _aX:51:f P4
_qFMSL
100 _aParasraman A
_9747966
245 0 _aMarketing research
_cParasraman A; Grewal D
260 _aBoston
_bBoston, Houghton Mifflin
_c2004
300 _a643p
942 _cTB
_hX:51:f P4
999 _c1299433
_d1299433